| 000 | 00751nam a2200265Ia 4500 | ||
|---|---|---|---|
| 003 | OSt | ||
| 005 | 20220918222439.0 | ||
| 006 | a|||||r|||| 00| 0 | ||
| 007 | ta | ||
| 008 | 220917b |||||||| |||| 00| 0 eng d | ||
| 024 | _a216,874 | ||
| 037 | _cTextual | ||
| 040 |
_aARTS _cARTS _beng |
||
| 041 |
_2eng _aeng |
||
| 082 | _aX8(J):2v3.N14<-L00, P1 | ||
| 100 |
_aTurner M E _9143134 |
||
| 245 | 0 | _aFarm production in England 1700-1914 | |
| 260 |
_aOxford _bOxford Univ. Press _c2001 |
||
| 300 |
_axi, 295p _ccm. |
||
| 650 | _aECONOMICS | ||
| 700 |
_a Afton B _9143135 |
||
| 700 |
_a Beckett J V _9128655 |
||
| 942 |
_hX8(J):2v3.N14<-L00, P1 _cTEXL _2CC |
||
| 999 |
_c275504 _d275504 |
||